<?xml version="1.0" encoding="UTF-8"?>
<collection xmlns="http://www.loc.gov/MARC21/slim">
    <record>
        <controlfield tag="001">36772</controlfield>
        <controlfield tag="005">20161006102656.0</controlfield>
        <datafield tag="024" ind1="8" ind2=" ">
            <subfield code="2">sideral</subfield>
            <subfield code="a">93281</subfield>
        </datafield>
        <datafield tag="037" ind1=" " ind2=" ">
            <subfield code="a">ART-2015-93281</subfield>
        </datafield>
        <datafield tag="041" ind1=" " ind2=" ">
            <subfield code="a">spa</subfield>
        </datafield>
        <datafield tag="100" ind1=" " ind2=" ">
            <subfield code="0">(orcid)0000-0003-2763-4049</subfield>
            <subfield code="a">Lacarra Ducay, María Jesús</subfield>
            <subfield code="u">Universidad de Zaragoza</subfield>
        </datafield>
        <datafield tag="245" ind1=" " ind2=" ">
            <subfield code="a">El cuento medieval: cruce de culturas</subfield>
        </datafield>
        <datafield tag="260" ind1=" " ind2=" ">
            <subfield code="c">2015</subfield>
        </datafield>
        <datafield tag="506" ind1="0" ind2=" ">
            <subfield code="a">Access copy available to the general public</subfield>
            <subfield code="f">Unrestricted</subfield>
        </datafield>
        <datafield tag="520" ind1="3" ind2=" ">
            <subfield code="a">El cuento alcanzó una inusitada difusión en la Edad Media, pero sus especiales características –brevedad, tradicionalidad, didactismo, etc.,– hicieron de él hasta hace unos años un género relegado por los estudiosos. La inconcreción de sus perfiles, así como la confluencia con otras formas breves, unido a su multiplicidad y heterogeneidad junto a, en muchas ocasiones, un pobre desarrollo narrativo implicó que su catalogación fuera postergada por la crítica moderna. Baste recordar cómo, para Paul Zumthor, las formas simples están tan entremezcladas en la tradición medieval que no hay ninguna pura, afirmación que le permite no adentrarse en el problema. Ya en la expresión elegida, ‘formas simples’, reconocemos la herencia de la propuesta metodológica de André Jolles, cuyo pionero trabajo está detrás de las sucesivas aproximaciones teóricas hacia los relatos breves, aunque sea para transformar sus propuestas, como hizo Hans Robert Jauss2. En el cuento se acentúan todos los rasgos característicos de la literatura medieval y dificultan su estudio, como la ausencia de un canon, su vinculación a la oralidad, sus imprecisos límites cronológicos, la frecuente anonimia, la genérica y la confluencia de tradiciones.</subfield>
        </datafield>
        <datafield tag="540" ind1=" " ind2=" ">
            <subfield code="9">info:eu-repo/semantics/openAccess</subfield>
            <subfield code="a">by-nc-nd</subfield>
            <subfield code="u">http://creativecommons.org/licenses/by-nc-nd/3.0/es/</subfield>
        </datafield>
        <datafield tag="655" ind1=" " ind2="4">
            <subfield code="a">info:eu-repo/semantics/article</subfield>
            <subfield code="v">info:eu-repo/semantics/publishedVersion</subfield>
        </datafield>
        <datafield tag="710" ind1="2" ind2=" ">
            <subfield code="1">3002</subfield>
            <subfield code="2">583</subfield>
            <subfield code="a">Universidad de Zaragoza</subfield>
            <subfield code="b">Departamento de Filología Española</subfield>
            <subfield code="c">Literatura Española</subfield>
        </datafield>
        <datafield tag="773" ind1=" " ind2=" ">
            <subfield code="g">29 (2015), 11-18</subfield>
            <subfield code="p">Rev. poét. mediev.</subfield>
            <subfield code="t">Revista de poética medieval</subfield>
            <subfield code="x">1137-8905</subfield>
        </datafield>
        <datafield tag="856" ind1="4" ind2=" ">
            <subfield code="s">423649</subfield>
            <subfield code="u">http://zaguan.unizar.es/record/36772/files/texto_completo.pdf</subfield>
            <subfield code="y">Versión publicada</subfield>
        </datafield>
        <datafield tag="856" ind1="4" ind2=" ">
            <subfield code="s">17524</subfield>
            <subfield code="u">http://zaguan.unizar.es/record/36772/files/texto_completo.jpg?subformat=icon</subfield>
            <subfield code="x">icon</subfield>
            <subfield code="y">Versión publicada</subfield>
        </datafield>
        <datafield tag="909" ind1="C" ind2="O">
            <subfield code="o">oai:zaguan.unizar.es:36772</subfield>
            <subfield code="p">articulos</subfield>
            <subfield code="p">driver</subfield>
        </datafield>
        <datafield tag="951" ind1=" " ind2=" ">
            <subfield code="a">2016-09-20-13:38:52</subfield>
        </datafield>
        <datafield tag="980" ind1=" " ind2=" ">
            <subfield code="a">ARTICLE</subfield>
        </datafield>
    </record>

    
</collection>